01868na a2200385 450000100060000000300080000600500170001400800410003103500100007204000250008204100080010708200280011510000520014324000260019524501540022124600430037526000220041830000410044044000640048150000980054560000820064360000940072561000600081961000620087961000880094165100430102965700320107265700320110465700300113665700320116674000430119874001910124183000270143283000230145919758MIRAKIL20181213155201.0161226b tu 000 0  a19758 aMilasbturcTR-AnCHP atur aCHP 324.2372bK44s 2015 aKılıçdaroğlu, KemalcCHP Genel Başkanı aSöz veriyoruzf2015 aSöz veriyoruzbBiz yaşlılarımızın .... kaliteli bir yaşam sürdürebilecekleri bir düzen sözü veriyoruzc[Kemal Kılıçdaroğlu] aBiz yaşlılarımıza söz veriyoruz aAnkarabCHPc2015 aktl. broşürbrnkl. fotg.c20 sm. aCumhuriyet Halk Partisi yayınlarıpSöz veriyoruz dizisi aBaşka yapıt adı: CHP iktidarı için, el ele ve güvenle, yarının güzel günlerine aKılıçdaroğlu, KemalxPropaganda ve ideolojileryYaşlılar politikası aKılıçdaroğlu, KemalcCHP Genel BaşkanıxSeçim kampanyaları, 2015yYaşlılar aCHPxYaşlılar ve sorunlarıyÇözüm önerileri aCHPxSeçim kampanyaları, 2015yYaşlılar politikası aCHPxPropaganda ve ideolojileryKılıçdaroğlu dönemiyGenel seçimler, 2015 aTürkiyexSiyaset ve yönetimy2015- aCHP yaşlılar politikası aCHP seçim propagandaları aCHP seçim kampanyaları aSöz veriyoruz kampanyası aBiz yaşlılarımıza söz veriyoruz aBiz yaşlılarımızın aileleri de dahil kimseye muhtaç olmadan itibarlı, bağımsız yurttaşlar olarak kaliteli bir yaşam sürdürebilecekleri bir düzen sözü veriyoruz aSöz veriyoruz dizisi aCHP broşürleri